000 01124nam a2200145Ia 4500
008 220216s9999 xx 000 0 und d
100 _aAbraham J
245 0 _aN,N-methylene bisacrylamide-crosslinked polyacrylamide for controlled release urea fertilizer formulations
260 _bCommunications in Soil Science and Plant Analysis
_c1995
300 _a3231-3241
520 _aControlled release urea fertilizers based on N,N-methylene bisacrylene (NNMBA) - crosslinked polyacrylamide soil conditioner are described. Laboratory preparation and evaluation of coated urea fertilizers were conducted. Urea was initially coated with the copolymer of acrylamide and NNMBA. Ethylene vinylacetate (EVA), natural rubber (NR), and polyvinylchloride (PVC) were compared with polystyrene (PS) for their suitability to be used as sealant material in coating fertilizer urea with the copolymer of acrylamide and NNMBA. The coated system with EVA had a greater slow release character than that with PS while NR and PVC systems had a lesser slow release character.
650 _aUrea fertilizer
700 _aPillai V N R
942 _cJS
999 _c63365
_d63365